00738 2200205 4500001002100000005001500021008004100036035002000077082000800097084001400105100002100119245003800140250000600178260003800184300001200222520026400234650001000498990001200508990001200520INLIS00000000000090620240603092334240603 1 ind  a0010-0524000141 a813 a813 ARL f aAmidjaja, Arleen1 aForgotten Love /cArleen Amidjaja a1 aYogyakarta :bSheila/ Andi,c2008 a140 hlm aSejak amnesia, Lisa lupa segala-galanya. Dia lupa namanya sendiri, dia lupa pekerjaannya, bahkan dia juga lupa dia itu punya pacar atau nggak. Sampai datang Dave, yang mengaku pacarnya. Tapi bukan hanya Dave seorang yang mengaku sebagai pacar Lisa, Josh juga. 4aFiksi a0741412 a0741413